In defence of gender equality?: comparing the political debates about headscarves and honor-related crimes in France and the Netherlands/
Salvato in:
| Autore principale: | |
|---|---|
| Altri autori: | |
| Natura: | Libro |
| Lingua: | English |
| Tags: |
Aggiungi Tag
Nessun Tag, puoi essere il primo ad aggiungerne!!
|
MARC
| LEADER | 00000nam a22000007a 4500 | ||
|---|---|---|---|
| 003 | cru CIDCACS/IIS | ||
| 005 | 20180118163049.0 | ||
| 007 | ta | ||
| 008 | 180118s2016 -uk|||p|r||||||0| ||eng|d | ||
| 999 | |c 40842 |d 40842 | ||
| 040 | |c cru CIDCACS/IIS | ||
| 100 | 1 | |9 6415 |a Roggeband, Conny | |
| 245 | 1 | |a In defence of gender equality?: |b comparing the political debates about headscarves and honor-related crimes in France and the Netherlands/ |c Conny Roggeband, Doutje Lettinga | |
| 300 | |a páginas 239-262: |b gráficos | ||
| 700 | 1 | |9 6416 |a Lettinga, Doutje | |
| 773 | 0 | |0 40836 |9 1747 |d Reino Unido : Oxford University Press |o 18460 |t Social Politics: |x 10724745 | |
| 942 | |2 ddc |c PP | ||
